Statistics for Countries by Musical Act #2

Click here to take the quiz!

General Stats

  • This quiz has been taken 19 times
  • The average score is 7 of 15

Answer Stats

HintAnswer% Correct
Daft PunkFrance
82%
João GilbertoBrazil
76%
Gilbert O'SullivanIreland
76%
The BandCanada
71%
Paul AnkaCanada
59%
The Guess WhoCanada
53%
Harold FaltmeyerGermany
47%
Baha MenThe Bahamas
47%
Helen ReddyAustralia
41%
Milli VanilliGermany
35%
AlphavilleGermany
29%
Neneh CherrySweden
29%
Real LifeAustralia
24%
Fab MorvanFrance
12%
CamouflageGermany
6%

Score Distribution

Percentile by Number Answered

Percent of People with Each Score

Your Score History

You have not taken this quiz